[Event "DEM U10/U10w 2010"]
[Site "Oberhof GER"]
[Date "2010.05.28"]
[Round "10"]
[White "Mehsin, Yazan"]
[Black "Ovsepyan, Arshak"]
[Result "1-0"]
[Termination "normal"]
[Board "2"]
[WhiteElo "1473"]
[BlackElo "1945"]
[PlyCount "61"]
[BlackFideId "24690236"]
[EventCountry "GER"]
[EventRounds "11"]
[EventType "swiss"]
[EventDate "2010.05.22"]

1. e4 e6 2. d4 d5 3. e5 c5 4. c3 Nc6 5. Nf3 Qb6 6. Bd3 cxd4 7. cxd4 Bd7 8. O-O
Nxd4 9. Nxd4 Qxd4 10. Nc3 a6 11. Kh1 Ne7 12. f4 Nc6 13. Rf3 Qa7 14. f5 Nxe5 15.
Re3 Nxd3 16. Qxd3 d4 17. fxe6 fxe6 18. Nd5 dxe3 19. Bxe3 Bc5 20. Nc7+ Kd8 21.
Nxe6+ Kc8 22. Nxc5 b6 23. Na4 Bxa4 24. Rc1+ Qc7 25. Rxc7+ Kxc7 26. Qd4 b5 27.
b3 Bxb3 28. axb3 g6 29. Bf4+ Kc6 30. Qd6+ Kb7 31. Qc7# 1-0

[Event "DEM U10/U10w 2010"]
[Site "Oberhof GER"]
[Date "2010.05.28"]
[Round "10"]
[White "Schröder, Kevin"]
[Black "Dürr, Florian"]
[Result "1/2-1/2"]
[Termination "normal"]
[Board "3"]
[WhiteElo "1557"]
[BlackElo "1750"]
[PlyCount "111"]
[WhiteFideId "12929840"]
[BlackFideId "24659134"]
[EventCountry "GER"]
[EventRounds "11"]
[EventType "swiss"]
[EventDate "2010.05.22"]

1. d4 e6 2. c4 Bb4+ 3. Bd2 Qe7 4. Nf3 f5 5. g3 b6 6. Bg2 Bb7 7. O-O Nf6 8. Bf4
Bd6 9. Bxd6 cxd6 10. Nc3 O-O 11. d5 e5 12. Qc2 g6 13. e4 Nh5 14. exf5 gxf5 15.
Nh4 Ng7 16. f4 e4 17. Rae1 Qf6 18. Nxe4 fxe4 19. Bxe4 Qh6 20. f5 Qf6 21. Qc3
Qxc3 22. bxc3 Na6 23. g4 h6 24. Ng6 Rf6 25. h4 Nc5 26. Bc2 Ba6 27. Ne7+ Kf8 28.
g5 hxg5 29. hxg5 Rf7 30. f6 Bxc4 31. fxg7+ Kxg7 32. Nf5+ Kf8 33. g6 Rf6 34. g7+
Kg8 35. Rf4 Bxa2 36. Rh4 Rxf5 37. Bxf5 Kxg7 38. Bxd7 Bxd5 39. Rg4+ Kf6 40. Rf4+
Kg6 41. Be8+ Kg5 42. Rd4 Be6 43. Bc6 Rd8 44. Red1 Kf6 45. Rxd6 Rxd6 46. Rxd6
Ke7 47. Rd1 a6 48. Re1 Kd6 49. Bf3 b5 50. Kf2 Na4 51. Bb7 Nxc3 52. Rc1 b4 53.
Bxa6 Kc5 54. Ke3 Kb6 55. Bd3 Kc5 56. Be4 1/2-1/2

[Event "DEM U10/U10w 2010"]
[Site "Oberhof GER"]
[Date "2010.05.28"]
[Round "10"]
[White "Kreyssig, Bruno"]
[Black "Greßmann, Moritz"]
[Result "1/2-1/2"]
[Termination "normal"]
[Board "4"]
[WhiteElo "1319"]
[BlackElo "1600"]
[PlyCount "74"]
[WhiteFideId "4692489"]
[BlackFideId "24695084"]
[EventCountry "GER"]
[EventRounds "11"]
[EventType "swiss"]
[EventDate "2010.05.22"]

1. e4 e5 2. Nf3 Nc6 3. d4 exd4 4. Nxd4 Bc5 5. Be3 Qf6 6. c3 Nge7 7. Bc4 Ne5 8.
Be2 Qg6 9. O-O d6 10. f3 O-O 11. Nd2 Bd7 12. N2b3 Bb6 13. Kh1 a5 14. a4 Rad8
15. Qd2 d5 16. exd5 Nxd5 17. Bf2 Nc6 18. Nb5 Nde7 19. Bd3 Bf5 20. Bxf5 Nxf5 21.
Qf4 Nd6 22. Bxb6 cxb6 23. Nxd6 Qxd6 24. Qxd6 Rxd6 25. Rad1 Rfd8 26. Rb1 g6 27.
h3 Kg7 28. Kh2 Re6 29. Rfd1 Re2 30. Rxd8 Nxd8 31. Nd4 Rd2 32. h4 Nc6 33. Nxc6
bxc6 34. Kh3 c5 35. g4 f5 36. g5 c4 37. Kg3 Re2 1/2-1/2

[Event "DEM U10/U10w 2010"]
[Site "Oberhof GER"]
[Date "2010.05.28"]
[Round "10"]
[White "Mätzkow, Maximilian Paul"]
[Black "Graf, Clara Victoria"]
[Result "0-1"]
[Termination "normal"]
[Board "6"]
[WhiteElo "1470"]
[BlackElo "1736"]
[PlyCount "44"]
[WhiteFideId "24679933"]
[BlackFideId "1270339"]
[EventCountry "GER"]
[EventRounds "11"]
[EventType "swiss"]
[EventDate "2010.05.22"]

1. Nf3 c5 2. e3 Nc6 3. d4 cxd4 4. exd4 d5 5. Bd3 g6 6. O-O Bg7 7. b3 Nxd4 8.
Nxd4 Bxd4 9. c3 Bg7 10. Re1 Nf6 11. Qe2 e6 12. Bb2 O-O 13. Nd2 b6 14. Rad1 Bb7
15. c4 Rc8 16. h3 Nd7 17. Bxg7 Kxg7 18. cxd5 Bxd5 19. Nc4 Nc5 20. b4 Nxd3 21.
Qxd3 Bxc4 22. Qc3+ Qf6 0-1

[Event "DEM U10/U10w 2010"]
[Site "Oberhof GER"]
[Date "2010.05.28"]
[Round "10"]
[White "Moses, Selina"]
[Black "Schmidek, Emil"]
[Result "1-0"]
[Termination "normal"]
[Board "7"]
[WhiteElo "1453"]
[BlackElo "1740"]
[PlyCount "99"]
[WhiteFideId "12908070"]
[BlackFideId "12908150"]
[EventCountry "GER"]
[EventRounds "11"]
[EventType "swiss"]
[EventDate "2010.05.22"]

1. e4 d6 2. d4 Nf6 3. Nc3 g6 4. f4 Bg7 5. Nf3 c5 6. Bb5+ Bd7 7. Bxd7+ Nfxd7 8.
d5 Nf6 9. Qe2 Qc7 10. O-O a6 11. a4 O-O 12. e5 dxe5 13. fxe5 Ne8 14. e6 f6 15.
Be3 Nd6 16. Bf4 Qd8 17. Bxd6 Qxd6 18. Rad1 Qb6 19. d6 Nc6 20. Nd5 Qa5 21. d7
Nd8 22. Nxe7+ Kh8 23. Nxg6+ hxg6 24. e7 Nc6 25. exf8=Q+ Rxf8 26. Qe8 Qd8 27.
Qxd8 Nxd8 28. Rfe1 Kh7 29. Re8 f5 30. Rxf8 Bxf8 31. Re1 Bd6 32. Re8 Bc7 33.
Ng5+ Kh6 34. Ne6 Nxe6 35. Rxe6 Kg7 36. Re8 Kf7 37. d8=Q Bxd8 38. Rxd8 Ke7 39.
Rb8 b5 40. axb5 axb5 41. Rxb5 c4 42. Rb6 g5 43. Kf2 Kf7 44. b3 cxb3 45. cxb3
Kg7 46. h3 Kf7 47. g3 Kg7 48. h4 gxh4 49. gxh4 Kf7 50. Kf3 1-0

[Event "DEM U10/U10w 2010"]
[Site "Oberhof GER"]
[Date "2010.05.28"]
[Round "10"]
[White "Spitzl, Vinzent"]
[Black "Pallas, Sebastian"]
[Result "1/2-1/2"]
[Termination "normal"]
[Board "8"]
[WhiteElo "1711"]
[BlackElo "1560"]
[PlyCount "53"]
[WhiteFideId "12901253"]
[BlackFideId "12905453"]
[EventCountry "GER"]
[EventRounds "11"]
[EventType "swiss"]
[EventDate "2010.05.22"]

1. d4 d5 2. c4 c6 3. Nf3 Nf6 4. Nc3 e6 5. Bg5 dxc4 6. e4 b5 7. e5 h6 8. Bh4 g5
9. exf6 gxh4 10. Ne5 Bb7 11. Nxf7 Qxf6 12. Nxh8 Qxh8 13. Qg4 Qf6 14. Be2 Nd7
15. O-O O-O-O 16. Rfe1 Bg7 17. Bf3 Re8 18. Rad1 Kc7 19. d5 Ne5 20. d6+ Kd7 21.
Qe4 Nxf3+ 22. Qxf3 Qxf3 23. gxf3 Rg8 24. Kf1 Bxc3 25. bxc3 c5 26. Re3 h5 27.
Rde1 1/2-1/2

[Event "DEM U10/U10w 2010"]
[Site "Oberhof GER"]
[Date "2010.05.28"]
[Round "10"]
[White "Baberz, Alexander"]
[Black "Riedel, Matthias"]
[Result "1/2-1/2"]
[Termination "normal"]
[Board "9"]
[WhiteElo "1567"]
[BlackElo "1366"]
[PlyCount "67"]
[WhiteFideId "12921734"]
[BlackFideId "1271820"]
[EventCountry "GER"]
[EventRounds "11"]
[EventType "swiss"]
[EventDate "2010.05.22"]

1. d4 Nf6 2. c4 e6 3. Nc3 d5 4. Nf3 c6 5. e3 Nbd7 6. Bd3 dxc4 7. Bxc4 Nb6 8.
Bd3 c5 9. dxc5 Bxc5 10. O-O O-O 11. Qe2 Bd7 12. Bc2 Qc7 13. e4 e5 14. Bg5 Be7
15. Nd2 h6 16. Bh4 Rfe8 17. Bg3 Bb4 18. Ndb1 Rac8 19. a3 Bc5 20. Nd2 Bd4 21.
Qd3 Bxc3 22. bxc3 Qxc3 23. Rfc1 Qxd3 24. Bxd3 Nh5 25. Nc4 Nxg3 26. Nxb6 axb6
27. hxg3 Kf8 28. Rab1 Re6 29. Rxc8+ Bxc8 30. Bb5 Ke7 31. Rc1 Kd8 32. Rd1+ Kc7
33. Rc1+ Kd8 34. Rd1+ 1/2-1/2

[Event "DEM U10/U10w 2010"]
[Site "Oberhof GER"]
[Date "2010.05.28"]
[Round "10"]
[White "Nguyen, Huy Dat"]
[Black "Peter, Anton"]
[Result "1-0"]
[Termination "normal"]
[Board "10"]
[WhiteElo "1363"]
[BlackElo "1499"]
[PlyCount "69"]
[WhiteFideId "12923486"]
[BlackFideId "12901660"]
[EventCountry "GER"]
[EventRounds "11"]
[EventType "swiss"]
[EventDate "2010.05.22"]

1. e4 e5 2. Nf3 d6 3. d4 exd4 4. Nxd4 Nf6 5. Nc3 Be7 6. Bf4 c6 7. Qd2 b5 8.
O-O-O b4 9. Nb1 c5 10. Bb5+ Bd7 11. Bxd7+ Qxd7 12. Nf5 O-O 13. Nxe7+ Qxe7 14.
Bxd6 Qd8 15. Bxf8 Qxf8 16. f3 Nbd7 17. g4 Nb6 18. h4 Qe7 19. e5 Nfd7 20. f4 f6
21. Qd6 Qxd6 22. exd6 Re8 23. Rhe1 Kf7 24. Rxe8 Kxe8 25. c3 a5 26. cxb4 cxb4
27. f5 g6 28. fxg6 hxg6 29. g5 f5 30. Nd2 Kf7 31. Nf3 Ke6 32. Nd4+ Kf7 33. Re1
Nc8 34. Nc6 Nxd6 35. Re7+ 1-0

[Event "DEM U10/U10w 2010"]
[Site "Oberhof GER"]
[Date "2010.05.28"]
[Round "10"]
[White "Burg, Niclas"]
[Black "Renger, Niklas"]
[Result "1/2-1/2"]
[Termination "normal"]
[Board "11"]
[WhiteElo "1467"]
[BlackElo "1320"]
[PlyCount "83"]
[WhiteFideId "1271968"]
[BlackFideId "12908096"]
[EventCountry "GER"]
[EventRounds "11"]
[EventType "swiss"]
[EventDate "2010.05.22"]

1. e4 c5 2. Nf3 d6 3. d4 cxd4 4. Nxd4 Nf6 5. Nc3 g6 6. Be3 Bg7 7. f3 O-O 8. Qd2
Nc6 9. O-O-O d5 10. exd5 Nxd5 11. Nxc6 bxc6 12. Nxd5 cxd5 13. Qxd5 Qc7 14. Qc5
Qb8 15. Bd4 Bh6+ 16. Be3 Bg7 17. c3 Be6 18. Bd3 f5 19. Bc4 Bxc4 20. Qxc4+ Kh8
21. Bd4 e5 22. Bf2 a5 23. Qa4 Rc8 24. Rd5 e4 25. Rb5 Qf4+ 26. Kb1 Qc7 27. Rc5
Qd8 28. Rxc8 Qxc8 29. Bd4 exf3 30. Bxg7+ Kxg7 31. Qd4+ Kg8 32. Qd5+ Kh8 33.
Qxf3 a4 34. a3 Rb8 35. Qf4 Qb7 36. Qb4 Qa8 37. Qd4+ Kg8 38. Qe5 Rxb2+ 39. Kc1
Qxg2 40. Qe6+ Kg7 41. Qe7+ Kh6 42. Qh4+ 1/2-1/2

[Event "DEM U10/U10w 2010"]
[Site "Oberhof GER"]
[Date "2010.05.28"]
[Round "10"]
[White "Fieberg, Samuel"]
[Black "Sieber, Fiona"]
[Result "0-1"]
[Termination "normal"]
[Board "12"]
[WhiteElo "1305"]
[BlackElo "1605"]
[PlyCount "46"]
[WhiteFideId "12901717"]
[BlackFideId "12902373"]
[EventCountry "GER"]
[EventRounds "11"]
[EventType "swiss"]
[EventDate "2010.05.22"]

1. e4 c5 2. Nf3 d6 3. d4 cxd4 4. Nxd4 Nf6 5. Nc3 Nc6 6. Be2 e5 7. Nb3 Be7 8.
O-O O-O 9. Be3 a5 10. a4 Nb4 11. Nb5 Nxe4 12. c3 Nc6 13. f3 Nf6 14. Qc2 Nd5 15.
Bf2 Be6 16. Rad1 Nf4 17. c4 Nb4 18. Qd2 Rc8 19. Rfe1 Nxe2+ 20. Qxe2 Bxc4 21.
Qe3 Nc2 22. Qd2 Nxe1 23. Qxe1 Bxb3 0-1

[Event "DEM U10/U10w 2010"]
[Site "Oberhof GER"]
[Date "2010.05.28"]
[Round "10"]
[White "Krüger, David"]
[Black "Urban, Konstantin"]
[Result "1-0"]
[Termination "normal"]
[Board "13"]
[WhiteElo "1394"]
[BlackElo "1241"]
[PlyCount "61"]
[WhiteFideId "12921858"]
[BlackFideId "12927511"]
[EventCountry "GER"]
[EventRounds "11"]
[EventType "swiss"]
[EventDate "2010.05.22"]

1. d4 Nf6 2. c4 c5 3. Nf3 e6 4. g3 g6 5. Bg2 cxd4 6. Nxd4 a6 7. Nc3 Bg7 8. b3
O-O 9. Bb2 Nc6 10. Nxc6 dxc6 11. O-O Qc7 12. Qc2 Rb8 13. a4 Bd7 14. Rad1 Rbd8
15. e3 Rfe8 16. Ne2 Bc8 17. Nd4 e5 18. Nf3 Rxd1 19. Rxd1 Bf5 20. Qc1 Nd7 21.
Ba3 Bf8 22. Bxf8 Kxf8 23. Qb2 Kg8 24. h3 f6 25. b4 Be6 26. c5 Bf7 27. Nh2 f5
28. e4 f4 29. Ng4 fxg3 30. Rxd7 gxf2+ 31. Qxf2 1-0

[Event "DEM U10/U10w 2010"]
[Site "Oberhof GER"]
[Date "2010.05.28"]
[Round "10"]
[White "Poghosyan, Tigran"]
[Black "Niermann, Tristan"]
[Result "1-0"]
[Termination "normal"]
[Board "14"]
[WhiteElo "1387"]
[BlackElo "1199"]
[PlyCount "75"]
[WhiteFideId "12909319"]
[BlackFideId "12990698"]
[EventCountry "GER"]
[EventRounds "11"]
[EventType "swiss"]
[EventDate "2010.05.22"]

1. e4 e5 2. Bc4 Nf6 3. d3 Bc5 4. c3 d6 5. h3 h6 6. Nf3 Nc6 7. O-O O-O 8. Re1
Be6 9. Bb5 a6 10. Ba4 b5 11. Bc2 Ne7 12. Nbd2 Ng6 13. Nf1 c6 14. Ng3 Qd7 15. a3
Qa7 16. d4 Bb6 17. Be3 Rad8 18. b3 Rc8 19. Qd2 Rfd8 20. a4 d5 21. exd5 Bxd5 22.
Bxg6 fxg6 23. Nxe5 Bc7 24. c4 bxc4 25. bxc4 Bf7 26. Nxc6 Qb7 27. Nxd8 Rxd8 28.
d5 Bxg3 29. fxg3 Ne4 30. Qd3 Nxg3 31. Bxh6 Nf5 32. Bg5 Rd6 33. Rab1 Qa7+ 34.
Be3 Nxe3 35. Qxe3 Qd7 36. Rb8+ Kh7 37. Qe7 Bxd5 38. Qh4# 1-0

[Event "DEM U10/U10w 2010"]
[Site "Oberhof GER"]
[Date "2010.05.28"]
[Round "10"]
[White "Petersen, Marcel"]
[Black "Wächter, Nathalie"]
[Result "0-1"]
[Termination "normal"]
[Board "15"]
[WhiteElo "1292"]
[BlackElo "1385"]
[PlyCount "142"]
[WhiteFideId "12935670"]
[BlackFideId "12921033"]
[EventCountry "GER"]
[EventRounds "11"]
[EventType "swiss"]
[EventDate "2010.05.22"]

1. e4 e5 2. Nf3 Nc6 3. Bc4 Bc5 4. d3 Nf6 5. c3 d6 6. Bb3 O-O 7. O-O Be6 8. Bc2
Re8 9. Re1 h6 10. Nbd2 Ng4 11. Re2 Bxf2+ 12. Rxf2 Nxf2 13. Kxf2 Qf6 14. Kg1
Rad8 15. c4 Bg4 16. b3 Nd4 17. Bb1 c6 18. Bb2 Bxf3 19. Nxf3 Nxf3+ 20. Qxf3 Qxf3
21. gxf3 Kh7 22. Kg2 g6 23. d4 exd4 24. Bxd4 b6 25. Bd3 d5 26. Rf1 dxc4 27.
Bxb6 Rxd3 28. Bxa7 cxb3 29. axb3 Rxb3 30. Rc1 Rc8 31. Kg3 Rb5 32. Kf4 c5 33.
Ke3 c4 34. Kd4 Rb4 35. Bc5 Rb3 36. Rxc4 Rxf3 37. Kd5 Rd3+ 38. Ke5 Rd7 39. h4 f5
40. h5 f4 41. hxg6+ Kxg6 42. Kxf4 Rdc7 43. Ke5 Rxc5+ 44. Rxc5 Rxc5+ 45. Kd6 Ra5
46. e5 Rxe5 47. Kxe5 Kg5 48. Ke4 Kg4 49. Ke3 Kg3 50. Ke2 Kg2 51. Ke3 h5 52. Kf4
h4 53. Kg4 h3 54. Kf4 h2 55. Kg4 h1=Q 56. Kf4 Qh5 57. Ke4 Kg3 58. Kd4 Kg4 59.
Kd3 Kf5 60. Kd4 Ke6 61. Kc4 Kd6 62. Kb4 Kc6 63. Kc3 Qh4 64. Kd3 Kd5 65. Ke3
Qe4+ 66. Kf2 Qd3 67. Kg2 Ke4 68. Kf2 Qf3+ 69. Ke1 Qg2 70. Kd1 Kd3 71. Kc1 Qc2#
0-1

[Event "DEM U10/U10w 2010"]
[Site "Oberhof GER"]
[Date "2010.05.28"]
[Round "10"]
[White "Reimers, Kim"]
[Black "Vogel, Roven"]
[Result "1-0"]
[Termination "normal"]
[Board "16"]
[WhiteElo "1192"]
[BlackElo "1480"]
[PlyCount "67"]
[WhiteFideId "12930377"]
[BlackFideId "12908088"]
[EventCountry "GER"]
[EventRounds "11"]
[EventType "swiss"]
[EventDate "2010.05.22"]

1. e4 c6 2. d4 d5 3. Nc3 dxe4 4. Nxe4 Bf5 5. Ng3 Bg6 6. Nf3 Nd7 7. h4 h6 8. h5
Bh7 9. Bd3 Bxd3 10. Qxd3 Ngf6 11. Bd2 e6 12. Qe2 Qc7 13. O-O-O Bd6 14. Nf5
O-O-O 15. Nxd6+ Qxd6 16. Ba5 Rde8 17. Kb1 Qd5 18. Bb4 Nxh5 19. c4 Qf5+ 20. Ka1
Nf4 21. Qf1 Qg4 22. Rh4 Qf5 23. Bd2 Ng6 24. Rh1 Nb6 25. Qe2 e5 26. Nxe5 Nxe5
27. dxe5 Rxe5 28. Be3 Rhe8 29. Rd6 Ra5 30. Rhd1 Rae5 31. Bxb6 axb6 32. Qd2 Qg5
33. f4 Qf5 34. Rd8+ 1-0

[Event "DEM U10/U10w 2010"]
[Site "Oberhof GER"]
[Date "2010.05.28"]
[Round "10"]
[White "Kitze, Alexander"]
[Black "Kirn, Niklas Johann"]
[Result "1/2-1/2"]
[Termination "normal"]
[Board "17"]
[WhiteElo "1323"]
[BlackElo "1188"]
[PlyCount "80"]
[WhiteFideId "12914827"]
[BlackFideId "12910899"]
[EventCountry "GER"]
[EventRounds "11"]
[EventType "swiss"]
[EventDate "2010.05.22"]

1. e4 d5 2. exd5 Nf6 3. Bb5+ Bd7 4. Be2 Nxd5 5. d4 g6 6. Nf3 Bg7 7. O-O O-O 8.
c4 Nb6 9. Nc3 Bg4 10. h3 Bxf3 11. Bxf3 Nc6 12. Bxc6 bxc6 13. c5 Nd5 14. Ne4 e5
15. dxe5 Bxe5 16. Rb1 Qe7 17. Re1 Rad8 18. Nd2 Rfe8 19. Nf3 f6 20. Nxe5 fxe5
21. Qc2 Rb8 22. f4 e4 23. b3 Rb5 24. Ba3 Nxf4 25. Re3 Nd5 26. Re2 Nf4 27. Re3
Nd3 28. Qc4+ Qe6 29. Rxe4 Qxc4 30. Rxc4 Re2 31. Ra1 Ra5 32. Ra4 Rxa4 33. bxa4
Rc2 34. Rd1 Nxc5 35. Bxc5 Rxc5 36. Rd8+ Kg7 37. Rd7+ Kh6 38. Rxc7 Ra5 39. Rxc6
Rxa4 40. Rc2 Kh5 1/2-1/2

[Event "DEM U10/U10w 2010"]
[Site "Oberhof GER"]
[Date "2010.05.28"]
[Round "10"]
[White "Schröder, Janina"]
[Black "Savchenko, Daniel"]
[Result "1/2-1/2"]
[Termination "normal"]
[Board "18"]
[WhiteElo "1042"]
[BlackElo "1237"]
[PlyCount "115"]
[WhiteFideId "24693138"]
[BlackFideId "12919195"]
[EventCountry "GER"]
[EventRounds "11"]
[EventType "swiss"]
[EventDate "2010.05.22"]

1. e4 e5 2. Nf3 Nf6 3. Nc3 Bb4 4. a3 Bxc3 5. dxc3 O-O 6. Bd3 d5 7. Qe2 Bg4 8.
Bg5 dxe4 9. Bxe4 c6 10. h3 Bh5 11. O-O Qd6 12. Rad1 Qe6 13. Bxf6 Qxf6 14. Qe3
Na6 15. b4 Nc7 16. Rd7 Rfc8 17. Nxe5 Qe6 18. Rd2 Re8 19. Bf3 Qxe5 20. Qxe5 Rxe5
21. Bxh5 Rxh5 22. Rd7 Nb5 23. Rfd1 h6 24. Rxb7 Nxa3 25. Rdd7 Nxc2 26. Rxf7 Rg5
27. Rxa7 Rxa7 28. Rxa7 Re5 29. Ra6 Re6 30. b5 Kf7 31. bxc6 Ke7 32. c7 Re1+ 33.
Kh2 Kd7 34. Rg6 Re7 35. Rc6 Kc8 36. Kg3 Ne1 37. f3 Re2 38. Ra6 Rxg2+ 39. Kf4
Kxc7 40. Ra7+ Kb6 41. Rf7 g5+ 42. Ke3 Rc2 43. Rf6+ Kc5 44. Rxh6 Kc4 45. Rc6+
Kd5 46. Rc8 Ng2+ 47. Kd3 Rf2 48. c4+ Ke6 49. c5 Rxf3+ 50. Ke4 Rxh3 51. Rc6+ Kd7
52. Rg6 Rh4+ 53. Kf3 Rc4 54. Kxg2 Rxc5 55. Kg3 Ke7 56. Kg4 Kf7 57. Rxg5 Rxg5+
58. Kxg5 1/2-1/2

[Event "DEM U10/U10w 2010"]
[Site "Oberhof GER"]
[Date "2010.05.28"]
[Round "10"]
[White "Diener, Carolin"]
[Black "Rockmann, Jan-Okke"]
[Result "0-1"]
[Termination "normal"]
[Board "19"]
[WhiteElo "1208"]
[BlackElo "1013"]
[PlyCount "66"]
[WhiteFideId "24699063"]
[BlackFideId "12942111"]
[EventCountry "GER"]
[EventRounds "11"]
[EventType "swiss"]
[EventDate "2010.05.22"]

1. e4 e5 2. Nf3 Nc6 3. Bc4 Be7 4. Nc3 Nf6 5. d3 O-O 6. O-O d6 7. h3 a6 8. a3 b5
9. Ba2 Bb7 10. Be3 Qd7 11. Re1 Nd8 12. Qe2 Ne6 13. Rad1 Rad8 14. Qd2 Nh5 15.
Ne2 Kh8 16. c3 f5 17. Ng5 Nxg5 18. Bxg5 fxe4 19. Be3 exd3 20. Qxd3 Rf6 21. Bc5
Rg6 22. Kh1 Bxg2+ 23. Kh2 Bf6 24. Rg1 e4 25. Qe3 Be5+ 26. f4 exf3+ 27. Nf4
Bxf4+ 28. Qxf4 Nxf4 29. Rge1 Qxh3+ 30. Kg1 f2+ 31. Kxf2 Qf3+ 32. Kg1 Bh3+ 33.
Kh2 Qg2# 0-1

[Event "DEM U10/U10w 2010"]
[Site "Oberhof GER"]
[Date "2010.05.28"]
[Round "10"]
[White "Höglauer, Patrick"]
[Black "Nothnagel, Marian Can"]
[Result "1-0"]
[Termination "normal"]
[Board "20"]
[WhiteElo "1768"]
[BlackElo "1211"]
[PlyCount "177"]
[WhiteFideId "1270548"]
[BlackFideId "12921530"]
[EventCountry "GER"]
[EventRounds "11"]
[EventType "swiss"]
[EventDate "2010.05.22"]

1. d4 Nf6 2. c4 g6 3. Nc3 Bg7 4. e4 d6 5. Nf3 O-O 6. Be2 e5 7. dxe5 dxe5 8.
Qxd8 Rxd8 9. Bg5 Nc6 10. Bxf6 Bxf6 11. Nd5 Bg7 12. Nxc7 Rb8 13. Nd5 Bg4 14. O-O
Bxf3 15. Bxf3 b5 16. Rac1 bxc4 17. Rxc4 Nd4 18. b3 f5 19. Ne7+ Kf7 20. Nc6 Nxc6
21. Rxc6 Rd7 22. Rfc1 Rbd8 23. Rc7 Kf8 24. g3 Ke7 25. Kf1 Rxc7 26. Rxc7+ Rd7
27. Rc6 Rd6 28. Rc7+ Rd7 29. Rc5 Rd2 30. Ra5 Rd7 31. Ke2 Ke6 32. h4 Bh6 33.
Ra6+ Kf7 34. exf5 Bg7 35. fxg6+ hxg6 36. Be4 Bf6 37. b4 g5 38. h5 Kg7 39. b5 g4
40. Bf5 Rb7 41. Bxg4 Rxb5 42. h6+ Kxh6 43. Rxf6+ Kg5 44. Rf7 Kxg4 45. Rg7+ Kh3
46. Rxa7 Kg2 47. Ke3 e4 48. g4 Rg5 49. Kf4 Rg8 50. Kxe4 Rxg4+ 51. Kf5 Rc4 52.
f4 Kg3 53. Ra3+ Kh4 54. Ra8 Rc5+ 55. Ke6 Kg4 56. Ra4 Rf5 57. Rb4 Ra5 58. a4
Ra6+ 59. Kd5 Ra5+ 60. Kc6 Rf5 61. Kd6 Rf6+ 62. Ke5 Rf5+ 63. Ke6 Rf8 64. f5+ Kg5
65. Rb5 Kh6 66. Ke7 Ra8 67. a5 Ra7+ 68. Kd6 Kg5 69. Kc5 Ra6 70. Kb4 Ra7 71. Kc5
Ra6 72. Kc4 Ra7 73. Kb4 Ra8 74. Rd5 Rb8+ 75. Kc5 Ra8 76. Kb6 Rb8+ 77. Ka7 Rb4
78. a6 Kf6 79. Ka8 Rb1 80. a7 Rb4 81. Rd8 Kxf5 82. Rb8 Re4 83. Kb7 Re7+ 84. Kb6
Re6+ 85. Kc5 Re5+ 86. Kd4 Re4+ 87. Kd3 Ra4 88. a8=Q Rxa8 89. Rxa8 1-0

[Event "DEM U10/U10w 2010"]
[Site "Oberhof GER"]
[Date "2010.05.28"]
[Round "10"]
[White "Rößler, Linus Benedict"]
[Black "Gauchel, Lorenz"]
[Result "1/2-1/2"]
[Termination "normal"]
[Board "21"]
[WhiteElo "1105"]
[BlackElo "1451"]
[PlyCount "73"]
[WhiteFideId "12921076"]
[BlackFideId "12905283"]
[EventCountry "GER"]
[EventRounds "11"]
[EventType "swiss"]
[EventDate "2010.05.22"]

1. e4 Nf6 2. e5 Nd5 3. d4 d6 4. c4 Nb6 5. exd6 exd6 6. Nc3 Nc6 7. b3 Be7 8. Nf3
O-O 9. Be2 Bg4 10. O-O Bf6 11. Be3 Re8 12. Rc1 d5 13. c5 Nc8 14. Re1 N8e7 15.
h3 Bh5 16. a3 Bg6 17. b4 Nf5 18. b5 Na5 19. Bf4 c6 20. a4 Nxd4 21. Nxd4 Bxd4
22. Qxd4 Nb3 23. Qb4 Nxc1 24. Rxc1 Qf6 25. Be3 Rad8 26. Bd4 Qg5 27. Re1 Bf5 28.
Kf1 Re6 29. Be3 Qf6 30. Bd4 Qh4 31. Ra1 Rde8 32. bxc6 bxc6 33. Rd1 Qe7 34. Rd2
Qg5 35. Qb2 Qh4 36. Be3 Qe7 37. Bd4 1/2-1/2

[Event "DEM U10/U10w 2010"]
[Site "Oberhof GER"]
[Date "2010.05.28"]
[Round "10"]
[White "Dallinger, Moritz"]
[Black "Hartmann, Martin"]
[Result "1/2-1/2"]
[Termination "normal"]
[Board "22"]
[WhiteElo "1418"]
[BlackElo "1223"]
[PlyCount "78"]
[WhiteFideId "12910864"]
[BlackFideId "12911925"]
[EventCountry "GER"]
[EventRounds "11"]
[EventType "swiss"]
[EventDate "2010.05.22"]

1. e4 e5 2. Nf3 Nc6 3. Bc4 Bc5 4. Nc3 Nf6 5. d3 d6 6. Bg5 h6 7. Be3 Bg4 8. h3
Bh5 9. g4 Bg6 10. Bxc5 dxc5 11. Bb5 Qe7 12. Nd5 Qd6 13. Qe2 a6 14. Bxc6+ bxc6
15. Nxf6+ Qxf6 16. O-O-O Rb8 17. c3 Qe6 18. Kb1 a5 19. Nd2 a4 20. Nc4 f6 21.
Qe3 Rb5 22. f4 exf4 23. Qxf4 Rb7 24. h4 Bf7 25. g5 a3 26. b3 Ra7 27. gxf6 Qxf6
28. Qxf6 gxf6 29. Kc2 Ke7 30. Rhg1 Rg8 31. Rxg8 Bxg8 32. Rf1 Bxc4 33. dxc4 Ra8
34. Rf5 Rg8 35. b4 cxb4 36. cxb4 Rg2+ 37. Kb3 Rg3+ 38. Ka4 Re3 39. Rf4 Ke6
1/2-1/2

[Event "DEM U10/U10w 2010"]
[Site "Oberhof GER"]
[Date "2010.05.28"]
[Round "10"]
[White "Bergauz, Noam"]
[Black "Tong, Kevin"]
[Result "0-1"]
[Termination "normal"]
[Board "23"]
[WhiteElo "1393"]
[BlackElo "1117"]
[PlyCount "40"]
[WhiteFideId "12938033"]
[BlackFideId "12913944"]
[EventCountry "GER"]
[EventRounds "11"]
[EventType "swiss"]
[EventDate "2010.05.22"]

1. e4 e5 2. Nf3 Nc6 3. d4 exd4 4. Bc4 Nf6 5. e5 d5 6. Bb5 Ne4 7. Nxd4 Bc5 8.
Nxc6 Bxf2+ 9. Kf1 Qh4 10. Nd4+ c6 11. Nf3 Ng3+ 12. Kxf2 Nxh1+ 13. Ke2 Qf2+ 14.
Kd3 Bf5+ 15. Kc3 Qc5+ 16. Kd2 Nf2 17. Qe2 Qxc2+ 18. Ke1 Qxc1+ 19. Kxf2 Qc5+ 20.
Ke1 Qxb5 0-1

[Event "DEM U10/U10w 2010"]
[Site "Oberhof GER"]
[Date "2010.05.28"]
[Round "10"]
[White "Ramien, David"]
[Black "Kololli, Kevin"]
[Result "1-0"]
[Termination "normal"]
[Board "24"]
[WhiteElo "1172"]
[BlackElo "1323"]
[PlyCount "23"]
[WhiteFideId "12948241"]
[BlackFideId "12936863"]
[EventCountry "GER"]
[EventRounds "11"]
[EventType "swiss"]
[EventDate "2010.05.22"]

1. e4 c6 2. Nf3 d5 3. Nc3 dxe4 4. Nxe4 Bf5 5. Ng3 Bg6 6. h4 h6 7. Ne5 Bh7 8.
Qh5 g6 9. Bc4 e6 10. Qe2 Nd7 11. Nxf7 Kxf7 12. Qxe6+ 1-0

[Event "DEM U10/U10w 2010"]
[Site "Oberhof GER"]
[Date "2010.05.28"]
[Round "10"]
[White "Denkert, Anna"]
[Black "Kasel, Mario"]
[Result "0-1"]
[Termination "normal"]
[Board "25"]
[WhiteElo "914"]
[BlackElo "1285"]
[PlyCount "106"]
[WhiteFideId "12938122"]
[BlackFideId "24660957"]
[EventCountry "GER"]
[EventRounds "11"]
[EventType "swiss"]
[EventDate "2010.05.22"]

1. e4 e5 2. Nf3 Nc6 3. Bc4 Bc5 4. c3 Nf6 5. d4 exd4 6. cxd4 Bb4+ 7. Nc3 Nxe4 8.
O-O Nf6 9. Re1+ Ne7 10. Bg5 O-O 11. Bxf6 gxf6 12. a3 Bxc3 13. bxc3 d5 14. Bd3
Ng6 15. c4 c6 16. Rb1 b6 17. Qd2 Kg7 18. c5 bxc5 19. dxc5 Qc7 20. Nd4 Bd7 21.
Nf5+ Bxf5 22. Bxf5 Rfe8 23. Qd1 Rxe1+ 24. Qxe1 Qe5 25. Bd7 Qxe1+ 26. Rxe1 Ne5
27. Bf5 Rd8 28. f4 Nd7 29. Re7 Nxc5 30. Rxa7 d4 31. Re7 d3 32. Re1 d2 33. Rd1
Na4 34. Bg4 Nc3 35. Rf1 d1=Q 36. Bxd1 Rxd1 37. g3 Rxf1+ 38. Kxf1 f5 39. Kf2 Kf6
40. Ke3 Ke6 41. Kd4 Nb5+ 42. Kc5 Nxa3 43. Kxc6 Nc4 44. Kc5 Ne3 45. Kd4 Nf1 46.
Kd3 Nxh2 47. Ke3 Kd5 48. Kf2 Ke4 49. Kg2 Ng4 50. Kh3 Kf3 51. Kh4 Kg2 52. Kg5
Kxg3 53. Kxf5 h5 0-1